Koncentrácia podnikateľských subjektov v zmysle zákona o ochrane hospodárskej súťaže

Koncentráciu z hľadiska ochrany a podpory hospodárskej súťaže upravuje zákon č. 188/1994 Z.z. o ochrane hospodárskej súťaže v znení neskorších predpisov. Koncentrácie podliehajúce kontrole Protimonopolného úradu, vymedzenie kritérií. Definovanie nadobudnutia kontroly. Výlučná a spoločná kontrola. Za...

Descrizione completa

Salvato in:
Dettagli Bibliografici
Autore principale: Lapšanský, Lukáš
Natura: Capitolo di libro
Lingua:slovacco
Soggetti:
Tags: Aggiungi Tag
Nessun Tag, puoi essere il primo ad aggiungerne!!

MARC

LEADER 00000naa a2200000 4500
001 r041964
005 20231002122810.1
041 0 |a slo 
044 |a SK 
245 1 0 |a Koncentrácia podnikateľských subjektov v zmysle zákona o ochrane hospodárskej súťaže  |c Lukáš Lapšanský 
520 |a Koncentráciu z hľadiska ochrany a podpory hospodárskej súťaže upravuje zákon č. 188/1994 Z.z. o ochrane hospodárskej súťaže v znení neskorších predpisov. Koncentrácie podliehajúce kontrole Protimonopolného úradu, vymedzenie kritérií. Definovanie nadobudnutia kontroly. Výlučná a spoločná kontrola. Založenie spoločného podniku. Vylúčenie kvalifikácie koncentrácie. 
610 2 0 |a súťaž hospodárska 
610 2 0 |a koncentrácia 
610 2 0 |a konkurencia 
610 2 0 |a ochrana súťaže hospodárskej 
610 2 0 |a podnik 
610 2 0 |a úpravy právne 
610 2 0 |a Slovensko 
100 1 |a Lapšanský, Lukáš